000 01091nam a22003017a 4500
001 BD-DhSAU 8849
003 BD-DhSAU
005 20181212100757.0
008 150420b2017 bg ||||| m||| 00| 0 eng d
040 _aBD-DhSAU
082 _222
_a635
_bAk24
100 _eRegistration # 11-04297
_a Akber , Ali
245 _aEffect of Zinc and Boron on the growth and yield of Cauliflower /
_bMS thesis
_c Akber , Ali
260 _aSher-e-Bangla Agricultural University :
_bDepartment of Horticulture,
_c2017
300 _aix, 66 p. :
_c30 cm.
_bill. ;
500 _aMS thesis of Department of Horticulture, Faculty of Agriculture, Sher-e-Bangla Agricultural University, Dhaka
504 _aIncludes bibliographical reference.
590 _aShofi
650 _aHorticulture
650 _aEffect
650 _aZinc
650 _aBoron
650 _aCauliflower
700 _aHossain , Md. Ismail
_eSuperviser
700 _a Uddin , A.F.M. Jamal
_eCo-superviser
856 _uhttp://archive.saulibrary.edu.bd:8080/xmlui/handle/123456789/104
_yOnline Access
942 _2ddc
_cTHESIS
999 _c14440
_d14439